|
|
|
|
| LEADER |
00000nam0a2200000 4500 |
| 001 |
295782 |
| 005 |
20231102000837.0 |
| 035 |
|
|
|a (RuTPU)RU\TPU\book\320871
|
| 090 |
|
|
|a 295782
|
| 100 |
|
|
|a 20150526d1983 km y0rusy50 ca
|
| 101 |
0 |
|
|a rus
|
| 102 |
|
|
|a RU
|
| 105 |
|
|
|a y z 001zy
|
| 200 |
1 |
|
|a Проблемы повышения успеваемости и снижения отсева студентов
|f А. А. Козлов [и др.]
|g Ленинградский государственный университет (ЛГУ), Научно-исследовательский институт комплексных социальных исследований (НИИКСИ) ; под ред. В. Т. Лисовский ; под ред. В. А. Сухина
|
| 210 |
|
|
|a Ленинград
|c Изд-во Ленинградского ун-та
|d 1983
|
| 215 |
|
|
|a 184 с.
|
| 225 |
1 |
|
|a Человек и общество
|v Вып. 20
|
| 320 |
|
|
|a Библиография в ссылках.
|
| 606 |
1 |
|
|a Студенты
|x Организация учебного труда
|2 stltpush
|3 (RuTPU)RU\TPU\subj\57971
|9 75816
|
| 610 |
1 |
|
|a успеваемость
|
| 610 |
1 |
|
|a повышение
|
| 610 |
1 |
|
|a комплексные исследования
|
| 610 |
1 |
|
|a социальные исследования
|
| 610 |
1 |
|
|a отчисление
|
| 610 |
1 |
|
|a вузы
|
| 610 |
1 |
|
|a психологические проблемы
|
| 686 |
|
|
|a Ч481.22
|v LBC/SL-A
|2 rubbk
|
| 701 |
|
1 |
|a Козлов
|b А. А.
|
| 701 |
|
1 |
|a Карпухин
|b О. И.
|
| 701 |
|
1 |
|a Лисовский
|b В. Т.
|
| 701 |
|
1 |
|a Сухин
|b В. А.
|
| 702 |
|
1 |
|a Лисовский
|b В. Т.
|4 340
|
| 702 |
|
1 |
|a Сухин
|b В. А.
|4 340
|
| 712 |
0 |
2 |
|a Ленинградский государственный университет (ЛГУ)
|b Научно-исследовательский институт комплексных социальных исследований (НИИКСИ)
|c (1965-1991)
|2 stltpush
|3 (RuTPU)RU\TPU\col\22071
|
| 801 |
|
1 |
|a RU
|b 63413507
|c 20150526
|
| 801 |
|
2 |
|a RU
|b 63413507
|c 20181018
|g RCR
|
| 942 |
|
|
|c BK
|